| Tag |
First Indicator |
Second Indicator |
Subfields |
| LEADER |
00000cam a2200000 a 4500 |
| 001 |
in00001633565 |
| 005 |
20220106085522.0 |
| 006 |
m d f |
| 007 |
cr an||||||||| |
| 008 |
010716s2001 dcu sb f000 0 eng d |
| 035 |
|
|
|a (OCoLC)ocm47351499
|
| 037 |
|
|
|a A00687
|b GAO (202) 512-6000 (Voice); (202) 512-6061 (Fax)
|f paper copy
|
| 043 |
|
|
|a n-us---
|
| 040 |
|
|
|a GPO
|b eng
|c GPO
|d MvI
|
| 049 |
|
|
|a WWW
|
| 074 |
|
|
|a 0546-D-01 (online)
|
| 086 |
0 |
|
|a GA 1.5/2:GAO-01-556 T
|
| 100 |
1 |
|
|a Decker, Raymond J.
|
| 245 |
1 |
0 |
|a Combating terrorism :
|b comments on counterterrorism leadership and national strategy : statement for the record, Raymond J. Decker, Director, Defense Capabilities and Management, before the Subcommittee on National Security, Veterans Affairs, and International Relations, Committee on Government Reform, House of Representatives /
|c United States General Accounting Office.
|
| 246 |
3 |
0 |
|a Comments on counterterrorism leadership and national strategy
|
| 264 |
|
1 |
|a Washington, D.C. :
|b The Office,
|c [2001]
|
| 336 |
|
|
|a text
|b txt
|2 rdacontent
|
| 337 |
|
|
|a computer
|b c
|2 rdamedia
|
| 338 |
|
|
|a online resource
|b cr
|2 rdacarrier
|
| 490 |
1 |
|
|a Testimony ;
|v GAO-01-556 T
|
| 500 |
|
|
|a "For release ... March 27, 2001."
|
| 500 |
|
|
|a Paper version available from the General Accounting Office.
|
| 500 |
|
|
|a Title from title screen.
|
| 504 |
|
|
|a Includes bibliographical references (pages 5-6).
|
| 538 |
|
|
|a Mode of access: Internet from the GPO Access web site (PDF only). Address as of 07/16/01: http://frwebgate.access.gpo.gov/cgi-bin/getdoc.cgi?dbname=gao&docid=f:d01556t.pdf; current access is available via PURL.
|
| 538 |
|
|
|a System requirements: Adobe Acrobat Reader.
|
| 650 |
|
0 |
|a National security
|z United States.
|
| 650 |
|
0 |
|a Terrorism
|x Government policy
|z United States.
|
| 650 |
|
0 |
|a Terrorism
|z United States
|x Prevention.
|
| 710 |
1 |
|
|a United States.
|b General Accounting Office.
|
| 830 |
|
0 |
|a Testimony ;
|v GAO-01-556 T.
|
| 856 |
4 |
0 |
|u https://purl.fdlp.gov/GPO/LPS13260
|t 0
|
| 856 |
4 |
0 |
|u https://purl.fdlp.gov/GPO/LPS13260
|t 0
|
| 999 |
f |
f |
|s 160a9c75-8503-3f7e-8ea3-d65f843305e5
|i 79791b30-97f4-3782-8b0c-61466ae41d57
|t 0
|
| 952 |
f |
f |
|a Texas A&M University
|b College Station
|c Electronic Resources
|d Available Online
|t 0
|e GA 1.5/2:GAO-01-556 T
|h Superintendent of Documents classification
|
| 998 |
f |
f |
|a GA 1.5/2:GAO-01-556 T
|t 0
|l Available Online
|